Language Quiz

Random Language or Letter Quiz

Add a 'TH' Quiz Stats

 Plays Quiz Updated Feb 22, 2012

Also try: Add an 'X'
Challenge
Share
Tweet
Embed
Score 0/20 Timer 05:00
0 Plays Today
Before Hint Word % Correct
Belowunder → thunder
97.2%
Octopus dischargeink → think
85.8%
Jambalaya ingredientrice → thrice
83.3%
Listen tohear → hearth
73.9%
Seventh letter of the Greek alphabeteta → theta
72.5%
Alsotoo → tooth
72.5%
Burglarizesteal → stealth
70.8%
Area outside the fairwayrough → through
69.5%
'____ my lips!'read → thread
68.2%
Falsehoodlie → lithe
66.3%
Before Hint Word % Correct
Witch's facial featurewart → thwart
65.5%
Even the score tie → tithe
64.6%
Burglarizerob → throb
62.4%
Counterpart to wine in the Eucharistbread → breadth
61.7%
Limbaugh of radioRush → thrush
61.2%
Get betterheal → health
60.1%
Shouldought → thought
54.3%
Quarrel or column crosserrow → throw
52.9%
Dumbstruckawed → thawed
43.3%
Watching or observingseeing → seething
37.3%

You're not logged in!

Compare scores with friends on all Sporcle quizzes.
Join for Free
OR
Log In

You Might Also Like...

Show Comments

Extras

Top Quizzes Today


Score Distribution

Your Account Isn't Verified!

In order to create a playlist on Sporcle, you need to verify the email address you used during registration. Go to your Sporcle Settings to finish the process.

Report this User

Report this user for behavior that violates our Community Guidelines.

Details: